[Event "IOM Open-Masters 2017"]
[Site "Douglas"]
[Date "2017.09.29"]
[Round "7"]
[White "Vaishali R"]
[Black "Kiewra, Keaton F"]
[Result "1-0"]
[WhiteElo "2329"]
[BlackElo "2433"]
[Annotator "TA"]
[PlyCount "109"]
[EventDate "2017.??.??"]
[EventType "swiss"]
[EventCountry "GBR"]
[SourceTitle "playchess.com"]
[Source "ChessBase"]
[SourceQuality "1"]

{[%evp 23,109,62,54,76,74,60,97,95,114,68,58,61,60,0,52,39,29,56,60,72,144,96,94,107,107,105,103,106,140,131,137,135,203,164,199,194,189,162,247,252,244,194,237,235,216,217,157,192,212,189,275,279,274,294,335,329,533,516,639,351,322,346,339,335,327,324,4132,4132,29974,627,29977,29978,29978,29979,29979,29980,29979,29980,29987,29988,29990,29990,29991,29992,29992,29993,29996,29997]} 1. e4 c5 2. Nf3 g6 3. d4 cxd4 4. Nxd4 Nf6 5. Nc3 d6 6. f3 Bg7 7. Be3 O-O 8. Qd2 Nc6 9. g4 Nxd4 10. Bxd4 Be6 11. h4 {[%cal Bh2h4,Bh4h5][%mdl 32]} Qa5 12. h5 Rfc8 13. a3 {B76: Sicilian Dragon: Yugoslav Attack, 9 g4 and 9 0-0-0} Rab8 14. Rh2 Bc4 $146 ({Predecessor:} 14... a6 15. hxg6 hxg6 16. O-O-O b5 17. Qg5 d5 18. e5 Nd7 19. Na2 b4 20. Nxb4 Qa4 21. Nxa6 {1-0 (37) Szabo,K (2564)-Skytte,R (2416) Budapest 2014}) 15. hxg6 {White is better.} hxg6 16. g5 Nh5 17. Bxg7 Kxg7 18. Bh3 ({White should try} 18. O-O-O $14) 18... Be6 (18... Rh8 $11) 19. Bg4 Bxg4 20. fxg4 Ng3 21. O-O-O $36 {[%mdl 2048] White has strong initiative.} Rxc3 (21... Qe5 $142) 22. Qxc3+ ({Much weaker is} 22. bxc3 $6 Qxa3+ 23. Kb1 Qc5 $11) 22... Qxc3 23. bxc3 {And now Re1 would win.} Nxe4 $16 {[%mdl 4096] Endgame KRR-KRN} 24. Re1 $1 {[%cal Re1e4]} d5 {[#]} 25. c4 $1 {[%cal Rc4d5][%mdl 512]} Nxg5 {...Nf3 is the strong threat.} (25... dxc4 26. Rxe4) 26. Rxe7 dxc4 27. Rd2 Kf6 (27... a6 $16) 28. Rc7 Ne4 29. Rdd7 Kg5 30. Rxf7 c3 (30... b5 {is a better defense.} 31. Rxa7 Nc3) 31. Rxb7 $18 Rh8 {( -> ...Rh1+)} 32. Rf1 Nd2 33. Rg1 Re8 34. Kd1 ({But not} 34. Rxa7 $2 Rb8 $19) 34... Nf3 35. Rf1 $1 {[%cal Rf1f3]} Kxg4 36. Rxa7 {Strongly threatening Rf7.} g5 {[#]} (36... Rf8 $142 37. Rc7 g5 38. Rxc3 Kg3) 37. Rf7 $1 {[%cal Rf7f3]} Rd8+ {[#]} 38. Kc1 $1 Nd4 39. Re7 Nb5 $2 (39... Nf3 40. Re3 Nd2) 40. a4 Na3 41. Rg1+ Kf5 42. Rg3 Rd4 43. Rxc3 Rxa4 44. Rec7 Kf4 $2 (44... Ke4 45. Kb2 Nxc2 46. Kxc2 Kf4 47. Rf7+ Kg4) 45. Kb2 Nxc2 46. Kxc2 (46. R7c4+ $142 Rxc4 47. Rxc4+ Nd4 48. Rxd4+ Kf3 49. Kc3 g4 50. Kd2 g3 51. Ke1) 46... g4 47. R7c4+ {White mates.} Rxc4 48. Rxc4+ {KR-KP} Kf3 49. Kd2 g3 50. Ke1 Kg2 51. Ke2 Kh2 52. Rh4+ Kg1 53. Rg4 g2 54. Kf3 Kh1 55. Kf2 {Precision: White = 82%, Black = 39%.} 1-0

[Event "IOM Open-Masters 2017"]
[Site "Douglas"]
[Date "2017.09.29"]
[Round "7"]
[White "Enkhtuul, Altan-Ulzii"]
[Black "Wallace, John Paul"]
[Result "0-1"]
[WhiteElo "2327"]
[BlackElo "2413"]
[Annotator "TA"]
[PlyCount "92"]
[EventDate "2017.??.??"]
[EventType "swiss"]
[EventCountry "GBR"]
[SourceTitle "playchess.com"]
[Source "ChessBase"]
[SourceQuality "1"]

{[%evp 23,92,0,0,0,0,-16,-9,-18,-18,-66,-53,-48,-62,-84,-62,-102,-88,-83,-89,-181,-162,-157,-151,-154,-4,-4,-4,-6,18,14,11,13,14,0,19,15,15,15,22,-689,-675,-1325,-1300,-1313,-1271,-2197,-249,-249,-18,-20,-22,-123,-43,-43,-43,-682,-649,-5029,-249,-249,-249,-249,-249,-6985,-5799,-29983,-29984,-29984,-29985,-29986,-29987]} 1. d4 Nf6 2. Nf3 e6 3. c4 d5 4. g3 Bb4+ 5. Bd2 Be7 6. Bg2 O-O 7. O-O c6 8. Qc2 a5 {E11: Bogo-Indian} (8... Nbd7 9. Rd1 Ne4 10. Bf4 g5 11. Be3 f5 12. Nc3 Nd6 13. b3 Bf6 14. Qc1 h6 15. h4 Nf7 16. hxg5 hxg5 17. Na4 Qe7 {1-0 (36) Giri,A (2771)-Carlsen,M (2832) Leuven 2017}) 9. Rd1 b5 10. c5 Nbd7 11. Bf4 Nh5 12. Bd6 Bxd6 {LiveBook: 4 Games} 13. cxd6 Bb7 14. e4 $146 ({Predecessor:} 14. Nbd2 Qb8 15. Ne5 Qxd6 16. Nxd7 Qxd7 17. e4 Qe7 {0-1 (67) Pogonina,N (2469)-Motylev,A (2680) Sochi 2017}) 14... dxe4 15. Ne5 f5 16. Nxc6 Qb6 17. d5 exd5 18. Ne7+ Kh8 $1 19. Nxd5 Bxd5 20. Rxd5 Rac8 21. Qd1 (21. Qd2 $17) 21... e3 22. Nc3 exf2+ 23. Kh1 Qe3 $40 {[%mdl 128] White needs to defend precisely.} ({Black should play} 23... b4 $17 24. Na4 Qe3) 24. Qd2 $11 f4 25. gxf4 ({Don't go for} 25. Qxe3 $2 fxe3 26. Ne2 (26. Rxh5 $2 Rxc3 27. Bf1 Rc2 $19) 26... Rc2 $19) 25... Qe8 26. Qxf2 Nxf4 27. Rxb5 a4 28. Qg3 {aiming for Re1.} a3 29. Re1 ({Not} 29. bxa3 $2 Nxg2 30. Rg1 Rf7 $19) 29... Qf7 30. Re7 Qf6 $1 {...axb2 is the strong threat.} 31. Rxd7 $2 {[%mdl 8192]} (31. Rf5 $11 Qd4 32. Rxf8+ Rxf8 33. bxa3 (33. Rxd7 axb2 34. Rb7 Nd3 $11)) 31... axb2 $19 32. Rc7 Rxc7 $1 33. dxc7 Nxg2 {[%cal Rf6f1]} 34. h4 Qf1+ $2 (34... Nxh4 35. Rb8 Qf1+ 36. Kh2 Nf3+ 37. Qxf3 Qxf3) 35. Kh2 {[#]} Qxb5 $2 (35... Nxh4 $1 $19 {[%mdl 512] ( -> ...Nf3+)} 36. c8=Q (36. Qxh4 Qxb5) 36... Nf3+ 37. Qxf3 Qxf3) 36. Nxb5 $11 b1=Q 37. Nd6 {[#]} (37. Qd6 $1 $11 Rg8 38. Qc6 Qxa2 39. c8=Q Ne3+ 40. Kg3 Rxc8 41. Qxc8+ Qg8 42. Nd6 Qxc8 43. Nxc8) 37... Qxa2 (37... Qc1 $1 $17 38. c8=Q Rxc8 39. Nxc8 Nf4) 38. Qxg2 $17 {[%mdl 4096] Endgame KQR-KQN} Qe6 39. Qd2 $2 {[%mdl 8192]} (39. Qg3 $15) 39... Qd7 $19 40. Kg2 Qg4+ $2 (40... Qc6+ 41. Kg1 Qc5+ 42. Kg2 Qxc7) 41. Kh2 Qxh4+ 42. Kg2 Qg4+ 43. Kh2 Qd7 44. Nf7+ Qxf7 {Black mates.} 45. Qd8 Qe8 46. c8=Q Qxd8 {Precision: White = 29%, Black = 52%.} 0-1

[Event "IOM Open-Masters 2017"]
[Site "Douglas"]
[Date "2017.09.29"]
[Round "7"]
[White "Rapport, Jovana"]
[Black "Houska, Jovanka"]
[Result "0-1"]
[WhiteElo "2327"]
[BlackElo "2393"]
[Annotator "TA"]
[PlyCount "80"]
[EventDate "2017.??.??"]
[EventType "swiss"]
[EventCountry "GBR"]
[SourceTitle "playchess.com"]
[Source "ChessBase"]
[SourceQuality "1"]

{[%evp 12,80,4,2,16,-1,0,0,0,-7,16,17,22,12,15,0,0,4,14,8,16,7,32,44,38,0,52,54,51,8,0,0,122,25,47,-8,14,10,12,12,20,-7,0,0,26,18,19,0,0,0,0,-47,-46,-52,-52,-43,-37,-101,-91,-116,-118,-117,-117,-170,-156,-155,-120,-4818,-4774,-1980,-1473]} 1. c4 c6 2. e4 d5 3. exd5 cxd5 4. cxd5 Nf6 5. Bb5+ (5. Nc3 Nxd5 6. Nf3 e6 7. d4 Bb4 8. Bd2 Nc6 9. Bd3 Nf6 10. Be3 O-O 11. O-O Bxc3 12. bxc3 b6 13. Bg5 Bb7 14. Re1 Rc8 15. Rc1 Ne7 16. Ne5 Ng6 17. Bxg6 hxg6 {0-1 (38) Lagarde,M (2598)-Fridman,D (2625) Paris 2017}) 5... Nbd7 6. Nf3 {B10: Caro-Kann: 2 d3 and 2 c4} a6 7. Ba4 {LiveBook: 3 Games} g6 8. Nc3 {The position is equal.} Bg7 9. O-O O-O 10. Re1 Nb6 $146 ({Predecessor:} 10... b5 11. Bb3 Nb6 12. Ne5 Bb7 13. Nc6 Bxc6 14. dxc6 Rc8 {½-½ (28) Zigo,V (2275)-Gibiec,E (2250) Czechia 1996}) 11. Bb3 Nbxd5 12. d4 b5 13. Nxd5 Nxd5 14. Bg5 Bf6 15. Qd2 Bb7 16. h4 e6 17. Rac1 Be7 18. a3 (18. h5 $5) 18... Re8 (18... Qd6 $11) 19. Ne5 $14 Qd6 {Hoping for ...f6.} 20. Ng4 {Strongly threatening Bxe7.} f6 21. Bh6 Rad8 {[#]} (21... f5 $11 {keeps the balance.} 22. Ne5 Bxh4) 22. Ne3 ({White must play} 22. Qe2 $1 $16 {[%cal Re2e6]} Kf7 23. h5) 22... Rd7 23. Qe2 (23. Rc5 $14) 23... Bf8 24. Bxf8 Kxf8 25. Bxd5 Bxd5 26. Qg4 Kg7 27. h5 g5 28. Rc5 Ba8 29. Rd1 Qf4 30. Qe2 Red8 31. h6+ Kg6 32. d5 $1 Bxd5 33. Nxd5 exd5 34. Rc6 (34. Rd3 $15) 34... Qe4 $36 {[%mdl 2048] Black has strong initiative.} 35. Qd2 d4 {[%cal Bd5d4,Bd4d3,Bd3d2][%mdl 32]} 36. Rxa6 d3 37. Re1 (37. Qe3 $17 {was called for.} Re8 38. Qxe4+ Rxe4 39. Kf1) 37... Qf4 38. Qxf4 gxf4 39. Rc6 $2 {[%mdl 8192] [#]} (39. Rd1 $17) 39... d2 $19 40. Rd1 Re7 {Precision: White = 35%, Black = 55%.} 0-1

[Event "IOM Open-Masters 2017"]
[Site "Douglas"]
[Date "2017.09.29"]
[Round "7"]
[White "Kolbus, Dietmar"]
[Black "Heimisson, Hilmir Freyr"]
[Result "1/2-1/2"]
[WhiteElo "2320"]
[BlackElo "2185"]
[Annotator "TA"]
[PlyCount "77"]
[EventDate "2017.??.??"]
[EventType "swiss"]
[EventCountry "GBR"]
[SourceTitle "playchess.com"]
[Source "ChessBase"]
[SourceQuality "1"]

{[%evp 13,77,-9,0,-27,-14,-18,-9,-26,-18,-29,-10,-10,-21,-14,-8,-6,0,-6,0,5,0,6,25,8,12,12,12,17,12,20,23,18,23,23,17,8,16,9,17,10,19,9,8,8,7,7,16,16,17,16,16,18,45,33,66,15,36,26,31,0,38,0,29,0,38,0]} 1. c4 c5 2. Nf3 Nc6 3. d4 cxd4 4. Nxd4 Nf6 5. Nc3 e6 6. a3 d5 7. e3 Bc5 {LiveBook: 14 Games. D40: Queen's Gambit Declined: Semi-Tarrasch with 5 e3} 8. Nb3 (8. cxd5 exd5 9. Be2 Nxd4 10. exd4 Be7 11. O-O O-O 12. Bf4 Ne4 13. Rc1 Nxc3 14. Rxc3 Bd6 15. Bxd6 Qxd6 16. Qd2 Bd7 17. Rfc1 Rac8 18. Rxc8 Rxc8 19. Rxc8+ Bxc8 {½-½ (28) Bu,X (2707)-Ni,H (2677) Shenzhen 2014}) 8... Be7 $146 ({Predecessor:} 8... Bb6 9. c5 Ba5 10. Nxa5 Qxa5 11. b4 Nxb4 12. Bd2 Nc6 13. Nxd5 Qd8 14. Nxf6+ Qxf6 15. Qc1 {1-0 (87) Dudnikov,N (1969)-Bogdanov,E Kherson 2008}) 9. Be2 O-O {The position is equal.} 10. O-O dxc4 11. Bxc4 a6 12. Qxd8 Rxd8 13. Rd1 Rxd1+ 14. Nxd1 b5 15. Be2 Bb7 16. Bd2 Rd8 17. Rc1 e5 18. Be1 e4 19. Nc5 Bxc5 $1 20. Rxc5 Nd7 21. Rd5 Nde5 22. Rxd8+ Nxd8 23. Bc3 Nd7 24. Kf1 Ne6 25. Ke1 f5 26. Bb4 Kf7 27. Nc3 Nec5 28. Bxc5 Nxc5 $11 {[%mdl 4096] Endgame KBN-KBN} 29. b4 Nd7 30. a4 bxa4 31. Nxa4 Kf6 32. Kd2 g5 33. g3 h6 34. h3 (34. Nb2 $14) 34... Ke6 35. Kc2 Kd6 36. Kd2 Ke6 37. Kc2 Kd6 38. Kd2 Ke6 39. Kc2 {Precision: White = 53%, Black = 43%.} 1/2-1/2

[Event "IOM Open-Masters 2017"]
[Site "Douglas"]
[Date "2017.09.29"]
[Round "7"]
[White "Ojas Kulkarni"]
[Black "Coathup, Roger H"]
[Result "1/2-1/2"]
[WhiteElo "2289"]
[BlackElo "2125"]
[Annotator "TA"]
[PlyCount "60"]
[EventDate "2017.??.??"]
[EventType "swiss"]
[EventCountry "GBR"]
[SourceTitle "playchess.com"]
[Source "ChessBase"]
[SourceQuality "1"]

{[%evp 12,60,0,7,22,12,17,0,34,35,56,22,31,0,0,0,7,0,8,0,0,0,0,0,0,0,10,11,15,10,39,0,0,0,0,0,0,0,0,0,0,0,0,0,0,-10,-11,-18,0,-8,0]} 1. c4 c5 2. g3 g6 3. Nc3 Bg7 4. Bg2 Nc6 5. Nf3 d6 6. O-O e6 7. e3 Nge7 {A37: Symmetrical English vs ...g6: 4 Bg2 Bg7 5 Nf3} 8. b3 (8. d4 O-O 9. Re1 Re8 10. b3 Nf5 11. Bb2 cxd4 12. exd4 Nfxd4 13. Nxd4 Nxd4 14. Ne4 e5 15. Nxd6 Qxd6 16. Bxd4 Qc7 17. Bc3 Bd7 18. Qd5 Bc6 19. Qc5 Qb6 20. Qxb6 {½-½ (20) Svidler,P (2749)-Gelfand,B (2728) Geneve 2017}) 8... O-O 9. Bb2 b6 10. d4 Bb7 11. Qd2 cxd4 12. Nxd4 (12. exd4 {is interesting.} d5 13. cxd5 Nxd5 14. Nxd5 exd5 15. Rfe1) 12... d5 $1 13. Nxc6 Bxc6 14. cxd5 $146 Nxd5 15. Bxd5 Bxd5 16. Nxd5 Bxb2 $1 17. Qxb2 Qxd5 18. Rfd1 Qb7 19. Qf6 Rfe8 20. Rd2 Qe7 21. Qb2 (21. Qxe7 {keeps more tension.} Rxe7 22. Rc1 Rf8 23. Kg2 f5 24. Kf3) 21... Red8 {The position is equal.} 22. Rad1 Rac8 23. Rd4 Rxd4 24. Qxd4 $11 {[%mdl 4096] Endgame KQR-KQR} Rc7 25. h4 h5 26. Qa4 Kg7 27. Qd4+ Qf6 28. Qxf6+ Kxf6 29. Rd2 Kf5 30. Kg2 e5 {Precision: White = 61%, Black = 76%.} 1/2-1/2

[Event "IOM Open-Masters 2017"]
[Site "Douglas"]
[Date "2017.09.29"]
[Round "7"]
[White "L'Ami, Alina"]
[Black "Swayams, Mishra"]
[Result "0-1"]
[WhiteElo "2286"]
[BlackElo "2444"]
[Annotator "TA"]
[PlyCount "78"]
[EventDate "2017.??.??"]
[EventType "swiss"]
[EventCountry "GBR"]
[SourceTitle "playchess.com"]
[Source "ChessBase"]
[SourceQuality "1"]

{[%evp 18,78,31,33,30,29,38,0,0,0,0,-27,-21,-66,-72,-47,-38,-39,-41,-39,-34,-39,-25,-62,-52,-121,-100,-111,-82,-117,-67,-77,-72,-166,-87,-205,-206,-257,-275,-258,-251,-216,-187,-195,-185,-221,-213,-256,-244,-257,-250,-567,-565,-608,-596,-583,-541,-531,-464,-29996,-29997,-29997,-29998]} 1. d4 Nf6 2. c4 b6 3. Nc3 Bb7 4. Qc2 d5 5. cxd5 Nxd5 6. e4 Nxc3 {A50: Queen's Fianchetto Defence (1 d4 Nf6 2 c4 b6)} 7. bxc3 e5 (7... e6 8. Nf3 Be7 9. Bb5+ c6 10. Bd3 O-O 11. O-O Nd7 12. c4 Qc7 13. Bb2 c5 14. d5 {1-0 (35) So,W (2755)-Zhou,J (2580) Las Vegas 2014}) 8. Nf3 exd4 9. Bc4 Nc6 10. O-O {[%mdl 1024] LiveBook: 3 Games. White has compensation.} Bc5 $146 ({Predecessor:} 10... d3 11. Bxd3 Qe7 12. e5 O-O-O 13. Re1 Qc5 14. Rb1 a6 15. Be4 f6 16. Be3 Qa5 17. exf6 gxf6 18. Bxh7 Bd6 19. Be4 Kb8 20. Bf4 {0-1 (20) Colovic,A (2460)-Romanov,E (2635) Skopje 2016}) 11. Rd1 {Hoping for cxd4.} O-O 12. Bd5 {[%cal Rc3d4]} Qe8 13. Bb2 {[%cal Rc3d4]} ({Much weaker is} 13. cxd4 Nxd4 14. Nxd4 Bxd5 $15) 13... Rd8 14. a3 {[%cal Rc3d4]} Na5 15. Bxb7 {Ba6 is the strong threat.} d3 $1 {[%cal Rd3c2]} 16. Rxd3 Nxb7 17. Rd5 c6 18. Rxd8 Nxd8 19. c4 Ne6 20. e5 Qc8 21. Nh4 (21. a4 $15) 21... Rd8 $17 22. Rd1 Rd7 23. g3 Qd8 24. Rxd7 Qxd7 25. Kg2 {[#]} (25. Kf1 $17 {might work better.}) 25... g6 ({Better is} 25... Nf4+ $1 $19 {[%mdl 512]} 26. gxf4 Qg4+ 27. Kh1 Qxh4) 26. Nf3 {[#]} (26. Kf1 $17 {is a better defense.}) 26... Nf4+ $1 $19 {[%mdl 512]} 27. gxf4 {Strongly threatening h3.} Qg4+ 28. Kf1 {Threatens to win with Qe4.} Qxf3 29. Qd2 h5 30. Kg1 Kh7 31. e6 Qg4+ 32. Kf1 Qh3+ 33. Kg1 Qxe6 34. h4 $2 (34. Qc3 {is a better chance.} f6 35. Qf3) 34... Qg4+ 35. Kh2 Qxh4+ 36. Kg2 Qg4+ 37. Kh2 h4 38. Qd8 (38. Qc3 $19 Qxf4+ 39. Kh1 Qe4+ 40. Kg1) 38... Qxf4+ 39. Kh3 Qf5+ {Precision: White = 39%, Black = 75%.} 0-1

[Event "IOM Open-Masters 2017"]
[Site "Douglas"]
[Date "2017.09.29"]
[Round "7"]
[White "Rudolf, Anna"]
[Black "Vishnu Prasanna  V"]
[Result "1/2-1/2"]
[WhiteElo "2286"]
[BlackElo "2543"]
[Annotator "TA"]
[PlyCount "142"]
[EventDate "2017.??.??"]
[EventType "swiss"]
[EventCountry "GBR"]
[SourceTitle "playchess.com"]
[Source "ChessBase"]
[SourceQuality "1"]

{[%evp 9,142,-20,-23,-23,-16,-17,0,0,4,9,11,-18,-14,-29,-33,-31,0,0,0,0,0,0,0,0,0,0,0,0,0,0,-10,-50,-22,-337,-350,-336,-81,-88,-83,-90,-84,-84,-102,-97,-93,-94,0,0,0,0,0,0,0,0,0,0,0,-110,-110,-105,0,0,0,0,0,0,0,0,0,0,0,0,0,0,0,0,0,0,0,0,0,0,0,0,0,0,0,-23,-8,-8,-8,-8,0,0,0,0,0,0,0,0,0,-8,-8,-8,-8,-10,-8,-8,0,-8,0,0,0,0,0,0,0,0,0,0,0,0,0,0,0,0,0,0,0,0,0,0,0,0,0]} 1. e4 c5 2. Nf3 e6 3. b3 b6 4. Bb2 Bb7 5. Bd3 (5. Nc3 a6 6. Qe2 Nc6 7. O-O-O Nge7 8. Qe3 Qc7 9. Kb1 b5 10. h4 O-O-O 11. h5 h6 12. Rh3 d5 13. exd5 exd5 {1-0 (41) Tomashevsky,E (2728)-Navara,D (2734) Huaian 2016}) 5... Nc6 {LiveBook: 22 Games} 6. a3 {B40: Sicilian: 2...e6, Unusual lines} Nge7 7. O-O Ng6 8. Re1 f6 9. Bf1 Bd6 10. d4 $146 ({Predecessor:} 10. c3 Nce5 11. Nxe5 fxe5 12. d3 O-O {1-0 (44) Iskandarov,M (2419)-Abasov,N (2571) Nakhchivan 2016}) 10... cxd4 11. Nxd4 Nxd4 12. Bxd4 Qc7 13. h3 O-O {[%cal Bh8f8,Bf8f5,Bf5h5][%mdl 32]} 14. c4 f5 15. Nc3 fxe4 16. Nxe4 Bh2+ 17. Kh1 Rf5 18. Qd3 Raf8 19. Rad1 Bc6 20. Be3 Bf4 $36 {[%mdl 2048] Black has some pressure.} 21. Nd6 $2 {[%mdl 8192]} (21. Bd4 $11 {and White is okay.}) 21... Rh5 $1 $19 {[%cal Rh5h3]} 22. Kg1 {[#]} Qd8 $2 (22... Rxh3 $1 $19 {[%mdl 512] is more deadly. ( -> ...Bh2+)} 23. gxh3 Ne5 24. Bxf4 Nxd3 25. Rxd3 Rxf4) 23. Ne4 $17 Ne5 24. Qe2 {[#]} Rxh3 $1 25. gxh3 {Threatens to win with Bxf4.} Bxe4 26. Bxf4 Nf3+ 27. Kh1 Ba8 (27... Rxf4 $17 28. Qxe4 Rxe4 29. Rxe4 Qa8) 28. Bg2 $11 Nxe1 29. Qxe1 {Strongly threatening Bg3.} Bxg2+ 30. Kxg2 {Hoping for Qe3.} Rxf4 {[#]} 31. Qxe6+ $1 {[%mdl 4608] Endgame KQR-KQR} Rf7 $1 (31... dxe6 32. Rxd8+) 32. Qd5 Qf6 33. Qd4 (33. Rd2 $11) 33... Qf3+ $17 34. Kg1 Qxb3 (34... Qxh3 $17 35. Qe4 h6) 35. Re1 $11 {Threatening mate with Re8+.} Qf3 {White must now prevent ...h6.} ({Don't blunder} 35... Qxa3 $2 36. Re8+ Qf8 37. Rxf8+ Kxf8 38. Qd6+ Ke8 39. Qb8+ Ke7 40. Qxa7 $18) 36. Re8+ Rf8 37. Rxf8+ Kxf8 38. Qxd7 Qxa3 {KQ-KQ} 39. Qf5+ Ke8 {...Qc1+ is the strong threat.} 40. Qc8+ Ke7 41. Qc7+ Ke6 42. Qxg7 Qe7 43. Qd4 Qg5+ 44. Kf1 Qe5 45. Qd8 Qa1+ 46. Kg2 Qg7+ 47. Kf1 Qd7 48. Qg8+ Kf6 49. h4 {The position is equal.} Qd3+ 50. Ke1 $1 Qb1+ 51. Kd2 Qb4+ 52. Kd3 Qd6+ 53. Kc2 h6 54. Qh7 Qf4 55. Qxa7 (55. Kb3 {feels hotter.} Qxh4 56. Qh8+ Kf5 57. Qh7+ Ke6 58. Qg8+) 55... Qxc4+ 56. Kd2 Qb4+ 57. Kd3 $1 Qd6+ 58. Ke4 $1 h5 59. Kf3 Qd5+ 60. Kg3 Qe5+ 61. Kg2 b5 62. f3 Qb2+ 63. Kg3 b4 64. Qa6+ Kf7 65. Qb7+ Kg6 66. Qc6+ Kh7 67. Qe4+ Kg8 68. Qe8+ Kg7 69. Qe7+ Kg8 70. Qe8+ Kg7 71. Qe7+ Kg8 {Precision: White = 69%, Black = 58%.} 1/2-1/2

[Event "IOM Open-Masters 2017"]
[Site "Douglas"]
[Date "2017.09.29"]
[Round "7"]
[White "Pranav Vijay"]
[Black "Allen, Keith"]
[Result "1/2-1/2"]
[WhiteElo "2265"]
[BlackElo "2231"]
[Annotator "TA"]
[PlyCount "81"]
[EventDate "2017.??.??"]
[EventType "swiss"]
[EventCountry "GBR"]
[SourceTitle "playchess.com"]
[Source "ChessBase"]
[SourceQuality "1"]

{[%evp 21,81,15,15,15,15,14,13,8,15,12,33,31,28,-4,-6,-16,39,29,27,0,13,6,9,-52,-22,-20,-12,-27,0,0,0,0,9,0,35,33,29,22,33,8,11,0,0,0,0,0,0,0,0,0,0,0,0,-13,0,0,0,0,-2,-13,-5,-13]} 1. e4 e5 2. Nf3 Nc6 3. Nc3 Nf6 4. Bb5 Bb4 5. O-O O-O 6. d3 {[%cal Bd2d3,Bd3d4,Bd4d5][%mdl 32]} Bxc3 7. bxc3 d6 8. Bg5 h6 9. Bh4 Bd7 10. d4 {C49: Vierspringerspiel (Symmetrische Variante)} Re8 11. Re1 a6 {LiveBook: 3 Partien} 12. Bd3 (12. dxe5 dxe5 13. Bxf6 Qxf6 14. Qxd7 axb5 15. Qxc7 Qe6 16. Red1 Rxa2 17. Qxb7 Rxc2 18. Qxb5 Rxc3 {½-½ (60) Blomqvist,E (2552)-Dubov,D (2648) Novi Sad 2016}) 12... Bg4 13. d5 Nb8 {[%cal Bc6b8,Bb8d7,Bd7f6][%mdl 32]} 14. h3 Bxf3 15. Qxf3 g5 $146 ({Vorgänger:} 15... Nbd7 16. Bg3 Nc5 17. c4 {0-1 (35) Urzica,A-Karpov,A Stockholm 1969}) 16. Bg3 Nbd7 17. h4 Kg7 18. Qf5 Nh7 ({Lieber} 18... Nh5 $11) 19. hxg5 hxg5 20. Be2 Ndf6 21. Rab1 b6 22. Bf3 (22. f3 $11) 22... Qd7 23. Qxd7 Nxd7 24. Bg4 Nc5 25. f3 Nf6 26. Bf5 Kf8 27. Bf2 Nfd7 28. Be3 f6 29. Kf2 Kg7 30. g3 Rh8 {Die Stellung ist ausgeglichen.} 31. Kg2 Rh5 32. Bg4 Rh7 33. Bf5 Rh5 34. c4 Rah8 {[#] Droht stark ...Th2+.} 35. Bg1 Rd8 36. Re3 Kf7 37. Rf1 Rg8 38. Rd1 Ke7 39. Ree1 Rgh8 40. Bg4 R5h7 41. Bf5 {Precision: Weiß = 49%, Schwarz = 57%.} 1/2-1/2

[Event "IOM Open-Masters 2017"]
[Site "Douglas"]
[Date "2017.09.29"]
[Round "7"]
[White "Loew, Gerald"]
[Black "Jonsson, Gauti Pall"]
[Result "0-1"]
[WhiteElo "2262"]
[BlackElo "2011"]
[Annotator "TA"]
[PlyCount "136"]
[EventDate "2017.??.??"]
[EventType "swiss"]
[EventCountry "GBR"]
[SourceTitle "playchess.com"]
[Source "ChessBase"]
[SourceQuality "1"]

{[%evp 10,136,22,5,29,25,35,45,41,39,85,92,98,99,123,134,130,120,319,32,45,42,36,40,35,40,41,19,31,25,10,21,50,10,35,0,50,43,40,57,66,53,79,18,10,14,64,41,96,81,202,0,0,0,0,0,0,0,0,-35,-43,-59,-65,-281,-274,-256,-159,-1064,-981,-845,-491,-470,-410,-368,-276,-213,-208,-261,-243,-607,-596,-582,-518,-575,-575,-578,-545,-658,-651,-651,-595,-631,-610,-618,-582,-582,-582,-575,-575,-554,-444,-553,-409,-393,-354,-595,-581,-575,-474,-1533,-1221,-1436,-1451,-1322,-967,-5622,-5708,-5081,-4451,-1848,-1680,-1273,-1170,-29979,-29978,-29983,-29984,-29982,-29983]} 1. c4 e5 2. Nc3 Bb4 3. Qc2 Nc6 4. e3 Bxc3 5. Qxc3 Nf6 6. Nf3 e4 {A28: English Opening: Four Knights Variation} (6... Qe7 7. Be2 d5 8. d4 exd4 9. Nxd4 Nxd4 10. Qxd4 c5 11. Qh4 dxc4 12. Bxc4 Be6 13. Be2 Nd5 14. Bb5+ Kf8 15. Qe4 Bd7 16. Qc4 Be6 17. Qe4 Bd7 18. Qc4 Be6 {½-½ (18) Giri,A (2775)-Aronian,L (2809) Geneve 2017}) 7. Nd4 O-O 8. Nxc6 dxc6 {White is slightly better.} 9. b3 Bf5 $146 ({Predecessor:} 9... a5 10. Bb2 a4 11. b4 Bf5 12. a3 Qd7 13. g4 Be6 14. Qc2 {0-1 (31) Agostini,V (2260)-Hauser,S (2387) ICCF email 2007}) 10. Bb2 Qd7 11. Be2 Rfd8 12. O-O-O Qe7 {[#]} 13. g4 $1 {[%mdl 512]} Bxg4 $2 (13... Bd7 $16 {might work better.}) 14. Rdg1 $2 (14. Bxg4 $18 {aiming for Rhg1.} Rd3 15. Qa5) 14... Bxe2 $14 15. Qxf6 $1 Qxf6 16. Bxf6 g6 17. Bxd8 Rxd8 {[%mdl 4096] Endgame KRR-KRB} 18. h4 Kg7 19. h5 h6 20. Rh4 Re8 21. hxg6 fxg6 22. d3 exd3 23. Kd2 c5 24. f4 {[%mdl 1024] White has compensation.} Rf8 25. Rh3 Rf6 26. Rgh1 (26. Rhg3 $16) 26... h5 $11 27. Rg3 Ra6 28. Ra1 Kh6 ({Black should try} 28... Kf8 $14) 29. Rg5 h4 {[#]} (29... Bf3 $16) 30. Rg2 $2 ({Don't play} 30. Rxc5 $6 h3 $16) ({White must play} 30. e4 $1 $18) 30... Bf3 31. Rh2 Kh5 32. a4 Rb6 33. Rg1 {Rg5+ is the strong threat.} Bg4 34. Kc3 ({Of course not} 34. Kxd3 Rxb3+ 35. Ke4 h3 $17) 34... h3 35. e4 (35. Kxd3 $2 Rxb3+ 36. Ke4 Rc3 $19) 35... Rd6 $1 {Hoping for ...d2!} 36. Rd2 $2 (36. Kd2 $15) 36... Be2 37. e5 Re6 {Threatens to win with ...Kh4.} 38. Rxe2 $2 (38. Rxd3 $17 Bxd3 39. Kxd3) 38... dxe2 $17 {KR-KR} 39. Kd2 h2 40. Rh1 Kg4 41. Rxh2 {[#]} e1=Q+ $1 {[%mdl 512]} 42. Kxe1 Kxf4 43. Kd2 Kxe5 44. Kc3 $2 (44. Rh7 Kd6 45. Kd3) 44... a5 $19 45. Rh7 Kd6 46. Rg7 Re3+ 47. Kc2 Rg3 48. Kb2 b6 49. Kc2 Rg2+ 50. Kc3 g5 51. Rg6+ Kd7 52. Rg7+ Kc6 53. Rg6+ Kb7 54. Rg7 g4 {[%cal Bg5g4,Bg4g3][%mdl 32]} 55. Kd3 g3 56. Kc3 Rg1 57. Kb2 $2 (57. Rg6) 57... Kc6 58. Rg6+ Kd7 59. Rg7+ (59. Kc3 $142) 59... Kd6 60. Ka2 Ke5 61. Kb2 Kf4 62. Rxc7 Rg2+ 63. Kc3 Rf2 64. Rf7+ Ke3 65. Re7+ {[#]} Kf3 $1 66. Rf7+ Kg2 {Black mates.} 67. Rg7 Rf3+ 68. Kc2 Kf2 {Precision: White = 33%, Black = 47%.} 0-1